Online
Catalog

El ritual de la cohoba : (Record no. 22648)

MARC details
000 -CABECERA
campo de control de longitud fija 00777nam a2200217 a 4500
001 - NÚMERO DE CONTROL
campo de control 000023151
005 - FECHA Y HORA DE LA ÚLTIMA TRANSACCIÓN
campo de control 20200930022024.0
008 - DATOS DE LONGITUD FIJA--INFORMACIÓN GENERAL
campo de control de longitud fija 101129s2006 cu a r 000 0 spa d
020 ## - NÚMERO INTERNACIONAL ESTÁNDAR DEL LIBRO
Número Internacional Estándar del Libro 9590608922
040 ## - FUENTE DE LA CATALOGACIÓN
Centro catalogador/agencia de origen DO-SdBNP
Lengua de catalogación spa
Centro/agencia transcriptor BNPHU
082 ## - NÚMERO DE LA CLASIFICACIÓN DECIMAL DEWEY
Número de clasificación NNN
Número de documento/Ítem M337r
049 ## - FONDOS LOCALES (OCLC)
Fondos de biblioteca BNGR
100 1# - ENTRADA PRINCIPAL--NOMBRE DE PERSONA
Nombre de persona Marín Mederos, Thelvia,
Títulos y otros términos asociados al nombre 1922-
9 (RLIN) 47665
245 10 - MENCIÓN DE TÍTULO
Título El ritual de la cohoba :
Resto del título viaje al mundo secreto del tabaco /
Mención de responsabilidad, etc. Thelvia Marín Mederos ; edición Mariel Bauzá Sánchez ; prólogo Manuel Rivero de la Cruz.
260 ## - PUBLICACIÓN, DISTRIBUCIÓN, ETC.
Lugar de publicación, distribución, etc. La Habana, Cuba :
Nombre del editor, distribuidor, etc. Ciencias Sociales,
Fecha de publicación, distribución, etc. 2006.
300 ## - DESCRIPCIÓN FÍSICA
Extensión xii, 193 p. :
Otras características físicas il. ;
Dimensiones 21 cm.
490 1# - MENCIÓN DE SERIE
Mención de serie Sociología
700 1# - PUNTO DE ACCESO ADICIONAL--NOMBRE DE PERSONA
Nombre de persona Rivero de la Cruz, Manuel
Término indicativo de función/relación pról.
9 (RLIN) 47666
700 1# - PUNTO DE ACCESO ADICIONAL--NOMBRE DE PERSONA
Nombre de persona Bauzá Sánchez, Mariel
Término indicativo de función/relación ed.
9 (RLIN) 47667
830 #0 - PUNTO DE ACCESO ADICIONAL DE SERIE-TÍTULO UNIFORME
Título uniforme Sociología
9 (RLIN) 33282
Holdings
Estado de retiro Estado de pérdida Restricciones de uso No para préstamo Código de colección Localización permanente Ubicación/localización actual Ubicación en estantería Fecha de adquisición Número de inventario Total de préstamos Signatura topográfica completa Código de barras Fecha visto por última vez Precio válido a partir de Tipo de ítem Koha
        Monografías: Libros y Folletos General General En catalogación 29.11.2010 LF1   NNN M337r 23151-10 25.06.2020 25.06.2020 Préstamo en sala

Powered by Koha